|
|
|
|
| LEADER |
01205nam a2200253 a 4500 |
| 001 |
GR-MES11517 |
| 008 |
070215s gr 000 0 gre d |
| 020 |
|
|
|a 9607058836
|
| 040 |
|
|
|a GrPaTEI
|b gre
|c GR-PaULI
|
| 040 |
|
|
|a GrPaTEI
|b gre
|c GR-PaULI
|
| 082 |
|
0 |
|a 301.092
|2 21
|
| 100 |
1 |
|
|a Morin, Edgar
|
| 245 |
1 |
3 |
|a Τα δαιμόνιά μου /
|c Έντγκαρ Μορέν ; μετάφραση Δημήτρης Δημουλάς.
|
| 260 |
|
|
|a Αθήνα :
|b Εκδόσεις του Εικοστού Πρώτου,
|c 1999
|
| 300 |
|
|
|a 354σ. ;
|c 23εκ.
|
| 500 |
|
|
|a Τίτλος πρωτοτύπου:Mes demons
|
| 650 |
|
0 |
|a Sociology
|
| 650 |
|
4 |
|a Κοινωνιολογία
|
| 700 |
1 |
|
|a ΔΗΜΟΥΛΑΣ, ΔΗΜΗΤΡΗΣ
|
| 942 |
|
|
|2 ddc
|
| 952 |
|
|
|0 0
|1 0
|2 ddc
|4 0
|6 301_092000000000000_MOR
|7 0
|9 270470
|a MSLG
|b MSLG
|c BSC
|d 2021-01-17
|e 24
|f 0
|g 0.00
|l 0
|o 301.092 MOR
|p 2420000021281
|r 2021-01-17 00:00:00
|t 1
|w 2021-01-17
|y BK15
|x 20070215 0 1
|x GrPaTEI
|
| 952 |
|
|
|0 0
|1 0
|2 ddc
|4 0
|6 301_092000000000000_MOR
|7 0
|9 270471
|a MSLG
|b MSLG
|c BSC
|d 2021-01-17
|e 24
|f 0
|g 0.00
|l 0
|o 301.092 MOR
|p 2420000021282
|r 2021-01-17 00:00:00
|t 1
|w 2021-01-17
|y BK15
|x 20070215 0 1
|x GrPaTEI
|
| 971 |
|
|
|a .b25775649
|b 16-04-20
|c 13-09-16
|
| 999 |
|
|
|c 156219
|d 156219
|